|
|
|
|
| LEADER |
02269nam a22005175i 4500 |
| 001 |
978-0-306-47152-0 |
| 003 |
DE-He213 |
| 005 |
20151204165636.0 |
| 007 |
cr nn 008mamaa |
| 008 |
100301s2002 xxu| s |||| 0|eng d |
| 020 |
|
|
|a 9780306471520
|9 978-0-306-47152-0
|
| 024 |
7 |
|
|a 10.1007/b107732
|2 doi
|
| 040 |
|
|
|d GrThAP
|
| 050 |
|
4 |
|a RC466.8
|
| 072 |
|
7 |
|a MMJ
|2 bicssc
|
| 072 |
|
7 |
|a PSY007000
|2 bisacsh
|
| 082 |
0 |
4 |
|a 616.89
|2 23
|
| 100 |
1 |
|
|a Williams, John E.
|e author.
|
| 245 |
1 |
4 |
|a The Importance of Psychological Traits
|h [electronic resource] :
|b A Cross-Cultural Study /
|c by John E. Williams, Robert C. Satterwhite, José L. Saiz.
|
| 264 |
|
1 |
|a Boston, MA :
|b Springer US,
|c 2002.
|
| 300 |
|
|
|a XIII, 193 p.
|b online resource.
|
| 336 |
|
|
|a text
|b txt
|2 rdacontent
|
| 337 |
|
|
|a computer
|b c
|2 rdamedia
|
| 338 |
|
|
|a online resource
|b cr
|2 rdacarrier
|
| 347 |
|
|
|a text file
|b PDF
|2 rda
|
| 490 |
1 |
|
|a The Plenum Series in Social/Clinical Psychology,
|x 1568-2528
|
| 505 |
0 |
|
|a Concepts and Issues Incross-Cultural Psychology -- Psychological Importance, the Five Factor Model, and Transactional Analysis Theory -- The Relative Favorability of Psychological Traits a 10-Country Study -- Psychological Importance Method and Gender Analyses -- Psychological Importance Item Level Analyses -- Psychological Importance Theory Level Analyses -- Psychological Importance Relations to Cultural Comparison Variables -- Summary and Integration of Findings -- Retrospect and Prospect a Broader View.
|
| 650 |
|
0 |
|a Psychology.
|
| 650 |
|
0 |
|a Clinical psychology.
|
| 650 |
|
0 |
|a Personality.
|
| 650 |
|
0 |
|a Social psychology.
|
| 650 |
|
0 |
|a Cognitive psychology.
|
| 650 |
1 |
4 |
|a Psychology.
|
| 650 |
2 |
4 |
|a Clinical Psychology.
|
| 650 |
2 |
4 |
|a Cognitive Psychology.
|
| 650 |
2 |
4 |
|a Personality and Social Psychology.
|
| 700 |
1 |
|
|a Satterwhite, Robert C.
|e author.
|
| 700 |
1 |
|
|a Saiz, José L.
|e author.
|
| 710 |
2 |
|
|a SpringerLink (Online service)
|
| 773 |
0 |
|
|t Springer eBooks
|
| 776 |
0 |
8 |
|i Printed edition:
|z 9780306458897
|
| 830 |
|
0 |
|a The Plenum Series in Social/Clinical Psychology,
|x 1568-2528
|
| 856 |
4 |
0 |
|u http://dx.doi.org/10.1007/b107732
|z Full Text via HEAL-Link
|
| 912 |
|
|
|a ZDB-2-BHS
|
| 912 |
|
|
|a ZDB-2-BAE
|
| 950 |
|
|
|a Behavioral Science (Springer-11640)
|